Guide to surveys and inspections of buildings and associated structures (Record no. 113122)

MARC details
000 -LEADER
fixed length control field 00777cam a22002055a 4500
001 - CONTROL NUMBER
control field L154737
008 - FIXED-LENGTH DATA ELEMENTS--GENERAL INFORMATION
fixed length control field 120117s2008 xxk f 000 0 eng d
020 ## - INTERNATIONAL STANDARD BOOK NUMBER
International Standard Book Number 9781906335052
035 ## - SYSTEM CONTROL NUMBER
System control number (Sirsi) u154737
041 0# - LANGUAGE CODE
Language code of text/sound track or separate title eng
110 2# - MAIN ENTRY--CORPORATE NAME
Corporate name or jurisdiction name as entry element Institution of Structural Engineers
9 (RLIN) 441
245 00 - TITLE STATEMENT
Title Guide to surveys and inspections of buildings and associated structures
260 ## - PUBLICATION, DISTRIBUTION, ETC.
Place of publication, distribution, etc. London
Name of publisher, distributor, etc. IStructE
Date of publication, distribution, etc. 2008
300 ## - PHYSICAL DESCRIPTION
Extent vi, 60p.
Dimensions 21cm.
520 ## - SUMMARY, ETC.
Summary, etc. Offers guidance on carrying out surveys and inspections, and producing subsequent reports. Includes inspection checklists and information on legal and safety aspects of inspection.
520 ## - SUMMARY, ETC.
Summary, etc. Supersedes 1991 edition (ISBN: 0901297143).
651 #4 - SUBJECT ADDED ENTRY--GEOGRAPHIC NAME
Geographic name United Kingdom
Chronological subdivision
690 ## - LOCAL SUBJECT ADDED ENTRY--TOPICAL TERM (OCLC, RLIN)
Topical term or geographic name as entry element Building surveying
9 (RLIN) 6225
942 ## - ADDED ENTRY ELEMENTS (KOHA)
Suppress in OPAC 0
Holdings
Withdrawn status Lost status Source of classification or shelving scheme Damaged status Not for loan Home library Current library Shelving location Date acquired Total Checkouts Full call number Barcode Date last seen Copy number Price effective from Koha item type
    Dewey Decimal Classification     London London Books 17/01/2012   690.2 INS 30077143 06/08/2019 1 06/08/2019 Book